Mischievous Mutt Match Quiz Stats

 Plays Quiz Updated May 28, 2013

Score 0/30 Timer 05:00
2 Plays Today
% Correct
Charlie Brown
94.4%
Dorothy Gale
92.7%
Mickey Mouse
92.5%
Peter Griffin
86.6%
Wallace
83.7%
George Jetson
81.9%
Dilbert
74.1%
Scott Turner
74%
Homer Simpson
72.9%
Clark Kent
71.9%
Jon Arbuckle
70.8%
Timmy Martin
66.7%
Barack Obama
57.8%
Richie Rich
57.3%
Dick Dastardly
56.6%
% Correct
Dr. Emmett Brown
56.3%
Martin Crane
55.7%
Annie Warbucks
53.4%
Paris Hilton
52.1%
Emily Elizabeth Howard
47.8%
Richard Nixon
47.1%
Barbara Bush
44.2%
Mother Goose
43.2%
Mike Brady
41.4%
Elle Woods
39.4%
Dagwood Bumstead
39.2%
Tintin
37%
Hank Hill
32.5%
Sgt Orville Snorkel
30.8%
Nora Charles
30.5%

You're not logged in!

Compare scores with friends on all Sporcle quizzes.
OR
Log In

Show Comments

Extras

Top Quizzes Today


Score Distribution

Your Account Isn't Verified!

In order to create a playlist on Sporcle, you need to verify the email address you used during registration. Go to your Sporcle Settings to finish the process.

Report this User

Report this user for behavior that violates our Community Guidelines.

Details: